Osmanlı mimarlık dilinin yeniden üretimi : (Kayıt no. 10387)

MARC ayrıntıları
000 -BAŞLIK
Sabit Uzunluktaki Kontrol Alanı 00891nam a22002297a 4500
003 - KONTROL NUMARASI KİMLİĞİ
Kontrol Alanı KOHA_MİRAKIL
005 - EN SON İŞLEM TARİHİ ve ZAMANI
Kontrol Alanı 20260515085504.0
008 - SABİT UZUNLUKTAKİ VERİ ÖGELERİ - GENEL BİLGİ
Sabit Alan 260515b tu ||||| |||| 00| 0 tur d
020 ## - ISBN - ULUSLARARASI STANDART KİTAP NUMARASI
Isbn 9786057041975
040 ## - KATALOGLAMA KAYNAĞI
Özgün Kataloglama Kurumu TR-AnABB
Kataloglama Dili tur
Çeviri Kurumu TR-AnABB
041 ## - DİL KODU
Metin ya da ses kaydının dil kodu tur
082 ## - DEWEY ONU SINIFLAMA SİSTEMİ
Sınıflama Numarası 720.9561
Cutter numarası GUN 2021
100 1# - KİŞİ ADI
Yazar Adı (Kişi adı) Günenç, Ömer Faruk
245 10 - ESER ADI BİLDİRİMİ
Başlık Osmanlı mimarlık dilinin yeniden üretimi :
Alt Eseradı vb. 1830'lardan 1930'lara bir kavramlar tarihi denemesi /
Sorumluluk Bildirimi Ömer Faruk Günenç
250 ## - BASIM BİLDİRİMİ
Basım Bildirimi 1. baskı
260 ## - YAYIN, DAĞITIM, VB.
Yayın Yeri Ankara :
Yayınevi İdealKent Yayınları,
Yayın Tarihi 2021
300 ## - FİZİKSEL TANIMLAMA
Sayfa, Cilt vb. 369 sayfa ;
Boyutları 30 cm
490 0# - DİZİ BİLDİRİMİ
Dizi Bildirimi İdealkent Yayınları ;
Cilt Numarası 43
505 ## - İÇİNDEKİLER NOTU
İçindekiler Notu İçindekiler: Mesleki öznenin tarihi ve dönüşümleri - Muğlak sınırlardan disiplin tanımlarına - Mekan ve mülkiyet krizleri, yeni düzenin ayak sesleri
650 04 - KONU BAŞLIĞI EK GİRİŞ - KONU TERİMİ
Konusal terim veya coğrafi ad Mimarlık tarihi ve kuramı
942 ## - EK GİRİŞ ÖGELERİ (KOHA)
Sınıflama Kaynağı Dewey Decimal Classification
Materyal Türü Kitap
900 ## - YEREL BİLGİ
Kontrol Can ÇELIK
Mevcut
Geri Çekilme Durumu Kayıp Durumu Sınıflandırma Kaynağı Kredi için değil Kalıcı Konum Mevcut Konum Kayıt Tarih Toplam Ödünçverme Yer Numarası Demirbaş Numarası Son Görülme Tarihi Fatura Tarihi Materyal Türü
    Dewey Decimal Classification   Prof. Dr. Ruşen Keleş Kütüphanesi Prof. Dr. Ruşen Keleş Kütüphanesi 15/05/2026   720.9561 GUN 2021 RK7112 15/05/2026 15/05/2026 Kitap